01359nam a2200289 a 4500001001000000005001700010008004100027041000800068044000800076084002000084100004500104245013400149260003200283300002200315500017900337500005800516500011400574500007100688500001000759546002400769650005200793650005600845650003400901650004500935700003900980740005001019BRCA_326720190320204208.0120309s1833----enka---###---#000-0#eng-# aeng aenk a568b.J66c18331 aCervantes Saavedra, Miguel ded1547-161610aThe Life and Exploits of Don Quixote de la ManchacTranslated from the Spanish of Miguel de Cervantes Saavedra by Charles Jarvis. aLondresbJons and Co.c1833 a2 v.bil.c19 cm. aContenido : v.1. Primera parte. Retrato de Cervantes. Vida de Cervantes extractada de la escrita por Mayáns. Prólogo del autor. -- v.2. Segunda parte. Prólogo del autor aEdición : Illustrated by 24 Designes by Cruickshank aReimpresión de la traducción de Jarvis, publicada en 1831, por los mismos editores. Tela Lúdovik Osterc aEstado físico : Encuadernación maltratada y hojas desprendidas aQM449 aTexto en : inglés14aNovela españolayÉpoca clásica, 1500-170014aLiteratura españolayÉpoca clásica, 1500-170014aNovela españolaySiglo XVII14aDon Quijote (Personaje ficticio)eNovela1 aJarvis, Charlesd?-1739eTraductor0 aEl Ingenioso Hidalgo Don Quijote de la Mancha